[Event "Lord John Cup"]
[Site "London, Clive Hotel"]
[Date "1977.09.11"]
[Round "6"]
[White "Law, Andrew P"]
[Black "Mestel, A Jonathan"]
[Result "0-1"]
[WhiteElo "2400"]
[BlackElo "2420"]
[PlyCount "81"]
[EventDate "1977.09.05"]
[EventType "tourn"]
[EventRounds "9"]
[EventCountry "ENG"]
[EventCategory "10"]
[SourceTitle "BritBase"]
[Source "John Saunders"]
[SourceDate "2024.03.28"]
[SourceVersion "1"]
[SourceVersionDate "2024.03.28"]
[SourceQuality "1"]

1. c4 g6 2. d4 d6 3. Nc3 Bg7 4. Nf3 Bg4 5. e3 Nf6 6. Be2 O-O 7. h3 Bf5 8. O-O
c5 9. b3 Ne4 10. Bb2 Nc6 11. Nxe4 Bxe4 12. Qd2 e5 13. dxc5 dxc5 14. Rfd1 Qc7
15. Ng5 Bf5 16. Bf3 Rad8 17. Qe2 Bc8 18. Qc2 Nb4 19. Qc3 Qe7 20. Ne4 f5 21. Ng3
Rxd1+ 22. Bxd1 Bf6 23. e4 h5 24. Bf3 f4 25. Ne2 Nc6 26. Rd1 Nd4 27. Qd3 Qf7 28.
Nxd4 cxd4 29. Rc1 Kh7 30. c5 g5 31. Qd1 Kh6 32. c6 Qg6 33. cxb7 Bxb7 34. Rc7
Bxe4 35. Rxa7 Bf5 36. Bd5 g4 37. hxg4 hxg4 38. a4 g3 39. Qf3 Bg4 40. Qe4 Bf5
41. Qf3 0-1

[Event "Lord John Cup"]
[Site "London, Clive Hotel"]
[Date "1977.09.11"]
[Round "6"]
[White "Quinteros, Miguel Angel"]
[Black "Lambert, Glenn EJ"]
[Result "1-0"]
[WhiteElo "2555"]
[BlackElo "2420"]
[PlyCount "71"]
[EventDate "1977.09.05"]
[EventType "tourn"]
[EventRounds "9"]
[EventCountry "ENG"]
[EventCategory "10"]
[SourceTitle "BritBase"]
[Source "John Saunders"]
[SourceDate "2024.03.28"]
[SourceVersion "1"]
[SourceVersionDate "2024.03.28"]
[SourceQuality "1"]

1. e4 d6 2. d4 Nf6 3. f3 c5 4. c3 Qa5 5. Nd2 cxd4 6. Nb3 Qd8 7. cxd4 g6 8. Bd3
Bg7 9. Be3 O-O 10. Ne2 Nc6 11. O-O Bd7 12. Rc1 a5 13. Nd2 Nb4 14. Bb1 Bb5 15.
Rc3 e5 16. dxe5 dxe5 17. a3 Nc6 18. Ba2 Nd4 19. Nc4 Rc8 20. Qd2 Ne8 21. Rfc1
Nc7 22. Ng3 Nce6 23. Nxe5 Rxc3 24. bxc3 Bxe5 25. cxd4 Nxd4 26. f4 Bg7 27. e5
Ne6 28. Ne4 Qxd2 29. Bxd2 Bc6 30. Nd6 a4 31. Kf2 g5 32. g3 Nd4 33. Be3 Nb3 34.
Rd1 Rd8 35. Bb1 f6 36. Bb6 1-0

[Event "Lord John Cup"]
[Site "London, Clive Hotel"]
[Date "1977.09.11"]
[Round "6"]
[White "Torre, Eugenio"]
[Black "Stean, Michael Frank"]
[Result "1/2-1/2"]
[WhiteElo "2550"]
[BlackElo "2485"]
[PlyCount "36"]
[EventDate "1977.09.05"]
[EventType "tourn"]
[EventRounds "9"]
[EventCountry "ENG"]
[EventCategory "10"]
[SourceTitle "BritBase"]
[Source "John Saunders"]
[SourceDate "2024.03.28"]
[SourceVersion "1"]
[SourceVersionDate "2024.03.28"]
[SourceQuality "1"]

1. e4 c5 2. Nf3 d6 3. d4 cxd4 4. Nxd4 Nf6 5. Nc3 e6 6. g4 h6 7. g5 hxg5 8. Bxg5
Nc6 9. Qd2 Qb6 10. Nb3 a6 11. O-O-O Bd7 12. h4 Be7 13. Be2 Qc7 14. f4 O-O-O 15.
h5 Rh7 16. Bf3 Rdh8 17. Qe2 Ne8 18. Bxe7 Nxe7 1/2-1/2

[Event "Lord John Cup"]
[Site "London, Clive Hotel"]
[Date "1977.09.12"]
[Round "7"]
[White "Lambert, Glenn EJ"]
[Black "Law, Andrew P"]
[Result "1/2-1/2"]
[WhiteElo "2420"]
[BlackElo "2400"]
[PlyCount "89"]
[EventDate "1977.09.05"]
[EventType "tourn"]
[EventRounds "9"]
[EventCountry "ENG"]
[EventCategory "10"]
[SourceTitle "BritBase"]
[Source "John Saunders"]
[SourceDate "2024.03.28"]
[SourceVersion "1"]
[SourceVersionDate "2024.03.28"]
[SourceQuality "1"]

1. d4 e6 2. c4 f5 3. g3 Nf6 4. Bg2 Be7 5. Nf3 O-O 6. O-O d6 7. Nc3 Ne4 8. Qc2
Nxc3 9. bxc3 Nc6 10. Rd1 Qe8 11. d5 Nd8 12. e4 e5 13. Qe2 Qh5 14. Nd4 Qxe2 15.
Nxe2 b6 16. Be3 Ba6 17. exf5 Bxc4 18. Rd2 Rxf5 19. g4 Rf8 20. Ng3 Nf7 21. Ne4
Nh8 22. Rb1 Ng6 23. Rb4 Ba6 24. Ra4 Bb5 25. Rb4 Bd7 26. Rc4 Rac8 27. h3 Nf4 28.
Bxf4 Rxf4 29. Rb2 a6 30. a4 h6 31. Rcb4 a5 32. Rc4 Bd8 33. Kh2 Rb8 34. Kg3 Kf8
35. Kh2 Ke7 36. Kg3 Bc8 37. Nd2 Rxc4 38. Nxc4 Bd7 39. Nxa5 Ra8 40. Nc6+ Ke8 41.
Rb4 Bg5 42. Rc4 Bf4+ 43. Kf3 g6 44. Ke2 Bc8 45. Rb4 1/2-1/2

[Event "Lord John Cup"]
[Site "London, Clive Hotel"]
[Date "1977.09.12"]
[Round "7"]
[White "Mestel, A Jonathan"]
[Black "Torre, Eugenio"]
[Result "1/2-1/2"]
[WhiteElo "2420"]
[BlackElo "2550"]
[PlyCount "81"]
[EventDate "1977.09.05"]
[EventType "tourn"]
[EventRounds "9"]
[EventCountry "ENG"]
[EventCategory "10"]
[SourceTitle "BritBase"]
[Source "John Saunders"]
[SourceDate "2024.03.28"]
[SourceVersion "1"]
[SourceVersionDate "2024.03.28"]
[SourceQuality "1"]

1. e4 c5 2. Nf3 d6 3. d4 Nf6 4. Nc3 cxd4 5. Nxd4 Nc6 6. g3 Bg4 7. f3 Bd7 8. Be3
a6 9. Bg2 Ne5 10. Qe2 Rc8 11. O-O Nc4 12. Bf2 e5 13. Nf5 Nxb2 14. Rab1 Rxc3 15.
Rxb2 Qc7 16. f4 Bb5 17. Rxb5 axb5 18. fxe5 dxe5 19. Qxb5+ Rc6 20. Bh3 h5 21.
Ne3 Bd6 22. Nd5 Qb8 23. Be3 Ng4 24. Bxg4 hxg4 25. c4 Qa8 26. c5 Bb8 27. a4 Qa6
28. Rb1 Qxb5 29. axb5 Rc8 30. c6 bxc6 31. bxc6 Bd6 32. Rc1 f6 33. Nb6 Ke7 34.
Nxc8+ Rxc8 35. Kg2 Rb8 36. Rc2 Kd8 37. Ra2 Kc7 38. Ra7+ Kxc6 39. Rxg7 Rb2+ 40.
Kf1 Rxh2 41. Rxg4 1/2-1/2

[Event "Lord John Cup"]
[Site "London, Clive Hotel"]
[Date "1977.09.12"]
[Round "7"]
[White "Stean, Michael Frank"]
[Black "Kotov, Alexander"]
[Result "1-0"]
[WhiteElo "2485"]
[BlackElo "2500"]
[PlyCount "61"]
[EventDate "1977.09.05"]
[EventType "tourn"]
[EventRounds "9"]
[EventCountry "ENG"]
[EventCategory "10"]
[SourceTitle "BritBase"]
[Source "John Saunders"]
[SourceDate "2024.03.28"]
[SourceVersion "1"]
[SourceVersionDate "2024.03.28"]
[SourceQuality "1"]

1. Nf3 g6 2. e4 Bg7 3. d4 d6 4. Nc3 Bg4 5. Be3 Nc6 6. Bb5 a6 7. Bxc6+ bxc6 8.
h3 Bd7 9. Qd2 Qb8 10. Rb1 Nf6 11. Bh6 O-O 12. O-O Qb7 13. Rfe1 Rae8 14. e5 Nd5
15. Ne2 f6 16. Bxg7 Kxg7 17. c4 Nb6 18. b3 fxe5 19. dxe5 Rxf3 20. gxf3 Bxh3 21.
Rbd1 Qc8 22. Qc3 Kg8 23. Nf4 Qf5 24. Nxh3 Qxh3 25. exd6 cxd6 26. Rxd6 Nd7 27.
Rde6 Kf7 28. Qe3 Nf8 29. Rxe7+ Rxe7 30. Qxe7+ Kg8 31. Qf6 1-0

[Event "Lord John Cup"]
[Site "London, Clive Hotel"]
[Date "1977.09.13"]
[Round "8"]
[White "Mestel, A Jonathan"]
[Black "Lambert, Glenn EJ"]
[Result "1/2-1/2"]
[WhiteElo "2420"]
[BlackElo "2420"]
[PlyCount "22"]
[EventDate "1977.09.05"]
[EventType "tourn"]
[EventRounds "9"]
[EventCountry "ENG"]
[EventCategory "10"]
[SourceTitle "BritBase"]
[Source "John Saunders"]
[SourceDate "2024.03.28"]
[SourceVersion "1"]
[SourceVersionDate "2024.03.28"]
[SourceQuality "1"]

1. e4 d6 2. d4 Nf6 3. Nc3 g6 4. Bg5 Bg7 5. Qd2 c6 6. f4 O-O 7. Bd3 Qb6 8. Nf3
Bg4 9. e5 Bxf3 10. gxf3 Nd5 11. Nxd5 cxd5 1/2-1/2

[Event "Lord John Cup"]
[Site "London, Clive Hotel"]
[Date "1977.09.13"]
[Round "8"]
[White "Nunn, John DM"]
[Black "Stean, Michael Frank"]
[Result "1/2-1/2"]
[WhiteElo "2410"]
[BlackElo "2485"]
[PlyCount "25"]
[EventDate "1977.09.05"]
[EventType "tourn"]
[EventRounds "9"]
[EventCountry "ENG"]
[EventCategory "10"]
[SourceTitle "BritBase"]
[Source "John Saunders"]
[SourceDate "2024.03.28"]
[SourceVersion "1"]
[SourceVersionDate "2024.03.28"]
[SourceQuality "1"]

1. e4 e6 2. d4 d5 3. Nd2 c5 4. exd5 exd5 5. Ngf3 Nc6 6. Bb5 Bd6 7. dxc5 Bxc5 8.
O-O Nge7 9. Nb3 Bd6 10. Bd2 O-O 11. Bc3 Bf5 12. Re1 Be4 13. Bd3 1/2-1/2

[Event "Lord John Cup"]
[Site "London, Clive Hotel"]
[Date "1977.09.13"]
[Round "8"]
[White "Quinteros, Miguel Angel"]
[Black "Blackstock, Leslie Steven F"]
[Result "1-0"]
[WhiteElo "2555"]
[BlackElo "2410"]
[PlyCount "111"]
[EventDate "1977.09.05"]
[EventType "tourn"]
[EventRounds "9"]
[EventCountry "ENG"]
[EventCategory "10"]
[SourceTitle "BritBase"]
[Source "John Saunders"]
[SourceDate "2024.03.28"]
[SourceVersion "1"]
[SourceVersionDate "2024.03.28"]
[SourceQuality "1"]

1. Nf3 Nf6 2. g3 g6 3. d4 Bg7 4. c4 O-O 5. Bg2 d6 6. O-O c6 7. Nc3 Bf5 8. Nh4
Be6 9. d5 cxd5 10. cxd5 Bd7 11. Nf3 a5 12. Nd4 Na6 13. e3 Nc5 14. b3 Qb6 15. a4
Rfc8 16. Bb2 Ne8 17. Rb1 Nc7 18. Ba1 N7a6 19. Qe2 Nb4 20. Rfd1 Re8 21. Ncb5
Rad8 22. Bc3 Nca6 23. Na3 Rc8 24. Nc4 Qd8 25. e4 Rc5 26. Bf1 Qc7 27. Ba1 Rc8
28. Nb5 Qd8 29. Bxg7 Kxg7 30. Qb2+ Kg8 31. Nd4 Qf8 32. Nb6 R8c7 33. Bb5 Bg4 34.
Be2 Bh3 35. Bf1 Qh6 36. Bxh3 Qxh3 37. Nc4 Rc8 38. Qd2 Rb8 39. Nb5 b6 40. Nd4
Qc8 41. f4 Nc7 42. f5 Qf8 43. Rf1 f6 44. g4 g5 45. Rf3 Kf7 46. Kg2 Ke8 47. h4
h6 48. hxg5 hxg5 49. Rh1 Kd7 50. Rh7 Kc8 51. Ne6 Nxe6 52. fxe6 Kc7 53. Rfh3 Re8
54. Kf3 Qg8 55. Qh2 f5 56. Qxd6+ 1-0

[Event "Lord John Cup"]
[Site "London, Clive Hotel"]
[Date "1977.09.13"]
[Round "8"]
[White "Torre, Eugenio"]
[Black "Kotov, Alexander"]
[Result "1/2-1/2"]
[WhiteElo "2550"]
[BlackElo "2500"]
[PlyCount "110"]
[EventDate "1977.09.05"]
[EventType "tourn"]
[EventRounds "9"]
[EventCountry "ENG"]
[EventCategory "10"]
[SourceTitle "BritBase"]
[Source "John Saunders"]
[SourceDate "2024.03.28"]
[SourceVersion "1"]
[SourceVersionDate "2024.03.28"]
[SourceQuality "1"]

1. e4 g6 2. d4 Bg7 3. Nf3 d6 4. Be2 Nf6 5. Nc3 c6 6. O-O O-O 7. Re1 Qc7 8. e5
dxe5 9. Nxe5 Be6 10. Bf4 Qc8 11. Na4 Nbd7 12. c4 Nxe5 13. Bxe5 b6 14. Nc3 Rd8
15. Qa4 Qd7 16. Rad1 Bg4 17. Qc2 Bxe2 18. Qxe2 Rac8 19. h3 e6 20. Qf3 Qe7 21.
d5 cxd5 22. cxd5 exd5 23. Bd4 Qd6 24. Nb5 Qd7 25. Bxf6 Bxf6 26. Qxf6 Qxb5 27.
Re7 Rf8 28. Rxa7 Rc2 29. b3 Qe2 30. Ra1 Qe6 31. Qd4 Re8 32. Rd1 Qc6 33. Qf4 Qe6
34. h4 h5 35. g3 Kg7 36. Rd3 Re7 37. Qd4+ Kh7 38. Rxe7 Qxe7 39. Re3 Qd7 40. a4
Rc6 41. Re5 Rd6 42. Kg2 f6 43. Re1 Kg7 44. Ra1 Qe7 45. Rd1 Qe5 46. b4 Kf7 47.
a5 Qxd4 48. Rxd4 bxa5 49. bxa5 Ke6 50. Ra4 Ra6 51. f4 Kf5 52. Kf3 d4 53. Ra3 d3
54. Rxd3 Rxa5 55. Rb3 Rc5 1/2-1/2

[Event "Lord John Cup"]
[Site "London, Clive Hotel"]
[Date "1977.09.14"]
[Round "9"]
[White "Blackstock, Leslie Steven F"]
[Black "Law, Andrew P"]
[Result "1/2-1/2"]
[WhiteElo "2410"]
[BlackElo "2400"]
[PlyCount "20"]
[EventDate "1977.09.05"]
[EventType "tourn"]
[EventRounds "9"]
[EventCountry "ENG"]
[EventCategory "10"]
[SourceTitle "BritBase"]
[Source "John Saunders"]
[SourceDate "2024.03.28"]
[SourceVersion "1"]
[SourceVersionDate "2024.03.28"]
[SourceQuality "1"]

1. e4 c5 2. Nf3 d6 3. d4 cxd4 4. Nxd4 Nf6 5. Nc3 e6 6. Be2 Be7 7. O-O O-O 8.
Be3 Nc6 9. f4 Bd7 10. Nb3 Qc7 1/2-1/2

[Event "Lord John Cup"]
[Site "London, Clive Hotel"]
[Date "1977.09.14"]
[Round "9"]
[White "Lambert, Glenn EJ"]
[Black "Torre, Eugenio"]
[Result "1-0"]
[WhiteElo "2420"]
[BlackElo "2550"]
[PlyCount "67"]
[EventDate "1977.09.05"]
[EventType "tourn"]
[EventRounds "9"]
[EventCountry "ENG"]
[EventCategory "10"]
[SourceTitle "BritBase"]
[Source "John Saunders"]
[SourceDate "2024.03.28"]
[SourceVersion "1"]
[SourceVersionDate "2024.03.28"]
[SourceQuality "1"]

1. d4 c5 2. d5 g6 3. c4 Bg7 4. Nc3 d6 5. e4 Nf6 6. Bd3 O-O 7. Bg5 h6 8. Bh4 Qa5
9. Nge2 Nbd7 10. O-O Re8 11. f4 Rb8 12. a4 a6 13. h3 Nh7 14. Qc2 Nhf8 15. Kh1
Qc7 16. Ng1 b6 17. Nf3 Bb7 18. Rae1 e6 19. Qd2 exd5 20. exd5 Nf6 21. Bxf6 Rxe1
22. Rxe1 Bxf6 23. f5 g5 24. Ne4 Qd8 25. Nh2 Nh7 26. Ng4 Bg7 27. f6 Bf8 28. Rf1
Bc8 29. Bc2 b5 30. axb5 axb5 31. Nxd6 Bxg4 32. Qd3 Bf5 33. Qxf5 Nxf6 34. Nxf7 (
34. Nxf7 Qe7 (34... Kxf7 35. Qg6+ Ke7 36. Qxf6+ Kd7 37. Qe6+ Kc7 38. Qc6#) 35.
Qg6+ Bg7 36. Nxh6+ Kf8 (36... Kh8 37. Nf5 Qf8 38. Nxg7) 37. Ng4) 1-0